| 000 | 00948nam a22003017a 4500 | ||
|---|---|---|---|
| 003 | CHAP | ||
| 005 | 20220329135659.0 | ||
| 008 | 971013s1993 r 00010 d | ||
| 010 | _a40458 | ||
| 011 | _a41430 | ||
| 035 | _a45556 | ||
| 040 | _cCHAP | ||
| 082 |
_a574.012 _bL4 |
||
| 100 | 0 | 0 |
_aLefkovitch, Leonard P. _965633 |
| 245 | _aOptimal set covering for biological classification | ||
| 260 |
_aOttawa : _bCanada Communication Group, _c1993 |
||
| 300 | _a454 p. | ||
| 490 |
_aPublication _v; 1983/E |
||
| 590 |
_aBATCH-UPD _b10 _c20130110 _lUCH01 _h1730 |
||
| 590 |
_aBATCH-UPD _b10 _c20130410 _lUCH01 _h1111 |
||
| 590 |
_aBATCH-UPD _b10 _c20130914 _lUCH01 _h0633 |
||
| 590 |
_aCONVERSION _b10 _c20130109 _lUCH01 _h1322 |
||
| 650 | 1 | 4 |
_aBiología _xClasificación. _912778 |
| 830 | 0 |
_aPublication _v; 1983/E _992792 |
|
| 901 | _aBK | ||
| 942 | _cLIBRO | ||
| 949 |
_a574.012 L4 _bBC _cLIBRO _d33724000001277 _eLIBRO _gI.174465 _h88545 _i45556 _si _t117.30 |
||
| 999 |
_c40458 _d40458 |
||